00735cam a22002291 4500001001300000003000400013005001700017007001500034008004100049010001700090035002000107040002200127042001200149050001700161245007900178260003500257300002900292530006900321651004700390856005100437999001700488rc 01000690 DLC20260227111900.0cr_|||||||||||890614s1872 caub 000 0 eng  arc 01000690  a(OCoLC)19870099 aDLCcCU-BANCdDLC apremarc00aF869.S33bH200aHare's guide to San José and vicinity, for tourists and new settlers ... aSan José,bG.H. Hare,c1872. a85 p.bfold. maps.c16mo aAlso available in digital form on the Internet Archive Web site. 0aSan Jose (Calif.)xDescription and travel.41uhttp://hdl.loc.gov/loc.gdc/scd0001.00171699290 c51868d51868